| 000 | 00766nam a22002297a 4500 | ||
|---|---|---|---|
| 999 |
_c11950 _d11950 |
||
| 003 | AR-CdUCM | ||
| 008 | 190405b ||||| |||| 00| 0 spa d | ||
| 040 |
_aMUNICIPALIDAD PROVINCIAL DEL CUSCO _cBIBLIOTECA MUNICIPAL DEL CUSCO |
||
| 082 |
_aES / 398 / _bAR76 |
||
| 100 |
_aArone Huamani, Ricardo _929580 |
||
| 245 | _aÑawpa Willakuykuna Suqtan ñiqipaq / | ||
| 260 |
_aLima : _bBiblioteca Nacional del Perú, _c2009. |
||
| 300 |
_a92 paginas ; _bilustraciones, graficos, dibujos, _c21 cm. |
||
| 500 | _aCuentos en quechua | ||
| 650 |
_aCuentos _9217 |
||
| 650 |
_aLiteratura _983 |
||
| 650 |
_aQuechua _92063 |
||
| 700 |
_aSilva Carbajal, Luis José _929581 |
||
| 700 |
_aRondinel Cuellar, Rodolfo A _929582 |
||
| 942 |
_2ddc _cLIBROS |
||
| 945 |
_apjha _d2019-04-05 |
||